The Binding Of Isaac Repentance : Quality 4 Items - Statistics

General Stats
  • This quiz has been taken 638 times
  • The average score is 33 of 42
Answer Stats
Hint Answer % Correct
Rerolls all items in the current room into different items D6
96%
Tears are replaced by a lazer beam which pierces through enemies and obstacles Brimstone
92%
Replaces tears with a knife which passes through enemies and obstacles Mom’s Knife
89%
Makes Isaac huge for 30 seconds + increases damage, range, and size, and gives invincibility Mega Mush
88%
Brings Isaac to the 1st floor of a new run whilst keeping all his items R Key
88%
+1 Red Heart Container + homing tears + x2.3 Damage multiplier, +1 flat Damage, -0.4 Tears, and -0.25 Shot Speed Sacred Heart
88%
Tears are replaced by bombs Dr. Fetus
87%
Negates 1st damage taken in every room Holy Mantle
87%
Consumes the rooms pedestal items + Active item effects added+ Passives items give random stat upgrades Void
87%
Fires 2 tears at once + 0,75x damage multiplier 20/20
86%
Immunity to explosions and fire + bombs heal Isaac + +5 bombs Pyromaniac
85%
Tears are replaced with laser rings Tech X
85%
Replaces tears with fetuses C Section
84%
Huge tears with much higher damage but a lower fire rate Polyphemus
84%
Acts as any die and can be cycled by pressing the drop key D Infinity
83%
Familiar that shoots tears identical to Isaac’s Incubus
83%
Makes Isaac bigger + restores all health + +1 Red Heart Container, +0.3 Damage, x1.5 damage multiplier, +1.5 range, +0.3 speed Magic Mushroom
83%
Gives 1 Black Heart + Replaces boss room item with a devil deal Satanic Bible
83%
Transforms all items by decreasing their ID number Spindown Dice
83%
All damage taken is reduced to half a heart The Wafer
83%
Increases damage by 0.5 + gives a 1.5x damage multiplier Cricket’s Head
82%
Takes Isaac to an expanded version of “Home” with one of every item+ when an item is picked, returns to the room it was used Death Certificate
80%
Tears are replaced by guided missiles Epic Fetus
80%
Item pedestals cycle between 5 random items Glitched Crown
80%
Spawns a fly orbital familiar that chases and deflects shots and converts them into homing tears + Turns some flies into friendly ones if it touches them Psy Fly
79%
Slows down all enemies in a room to 80% speed Stop Watch
79%
Creates a trapdoor to the next floor + Unlocks the forgotten if used on a mound of dirt in “Dark Room” Mom’s Shovel
78%
Homing tears + a halo + +0.5 Damage, -0.3 Tears, and -0.3 Shot Speed. Godhead
77%
Holds 8 pickups which can be used to create an item Bag Of Crafting
75%
Spawns 2 familiars that fire tears with Isaac’s stats Twisted Pair
74%
+1 Red Heart Container + fully heals Isaac +Item pedestals also have a random food item + Picking up food temporarily gives +3.6 damage and permanently boosts 2 stats Binge Eater
73%
Item pedestals have a ghostly item, when used this becomes the main item +Switches between Tainted Lazarus and Dead Tainted Lazarus Flip
73%
Destroys all items in the room + gives a unique locust familiar for each item destroyed Abyss
72%
Fires a lazer similar to Mega Satan’s for 15 seconds Mega Blast
72%
After firing for 2.5 seconds, creates a black ring around Isaac that deals damage Maw Of The Void
71%
+2 Soul Hearts While Isaac has no empty red hearts, grants 2x damage + +1.50 range, and -0.3 shot speed + Whenever Isaac takes damage, the effect is deactivated for the room Crown Of Light
69%
Causes 1+ Copies of Mom’s foot to stomp on Isaac +Can be used to create Mom’s shovel Broken Shovel
68%
No effect + one of two items needed to create Mom’s Shovel Broken Shovel
68%
Spawns a blue spider every time an enemy is killed Infestation 2
68%
Flight + 2 Soul Hearts + Holy Laser Revelation
68%
Replaces tears with poison projectiles Ipecac
65%
Tears start off large with high damage but shrink over a short range Proptosis
63%
No matching quizzes found
Score Distribution
Percent of People with Each Score
Percentile by Number Answered
Your Score History
You have not taken this quiz